Kurs teorii verojatnostej

Guardado en:
Detalles Bibliográficos
Autor principal: Čisťakov, Vladimir Pavlovič (Autor)
Formato: Libro
Lenguaje:ruso
Publicado: Moskva : Nauka, 1978
Etiquetas: Agregar Etiqueta
Sin Etiquetas, Sea el primero en etiquetar este registro!

MARC

LEADER 00000nam a22000003a 4500
001 stu201005
005 20150617230108.5
008 100317s1978----xxr-----------------rus-d
040 |a STU  |b slo 
041 0 |a rus 
044 |a xxr 
080 |a 519.2 
100 1 |a Čisťakov, Vladimir Pavlovič  |4 aut 
245 1 |a Kurs teorii verojatnostej 
260 |a Moskva :  |b Nauka,  |c 1978 
300 |a 224 s 
996 |b E41313  |c E*41313  |l EE05  |s P  |a 0  |w stu201005_0001 
996 |b E41667  |c E*41667  |l EE03  |s P  |a 0  |w stu201005_0002